000 00418nmm a2200157Ia 4500
008 251105s9999||||xx |||||||||||||||||und||
020 _a9788496601468
041 _acat
100 _aQueiroz, Eça de
245 0 _aEls Maia
264 _a[Madrid, España] :
_bFunambulista,
_c2007
300 _a768 páginas
650 _aOther narratives
856 _uhttps://public.digitaliapublishing.com/a/20858
942 _cCF
999 _c90032
_d90032